मेरे साक्षात्कार / (Record no. 67701)

MARC details
000 -LEADER
fixed length control field 01628nam a22003257a 4500
005 - DATE AND TIME OF LATEST TRANSACTION
control field 2010101908158.0
008 - FIXED-LENGTH DATA ELEMENTS--GENERAL INFORMATION
fixed length control field 101019t xxu||||| |||| 00| 0 hin d
010 ## - LCCN (DPL NO)
LC control number HIN-96238 B-490602
020 ## - INTERNATIONAL STANDARD BOOK NUMBER
Terms of availability 200.00
International Standard Book Number 9789381467381
035 ## - SYSTEM CONTROL NUMBER
System control number HN-68584 B-490602
037 ## - SOURCE OF ACQUISITION
Source of stock number/acquisition DBAD / PUB
037 ## - SOURCE OF ACQUISITION
Source of stock number/acquisition प्रकाशन संस्थान
040 ## - CATALOGING SOURCE
Original cataloging agency DPL
Language of cataloging HN
082 ## - DEWEY DECIMAL CLASSIFICATION NUMBER
Classification number 070
100 ## - MAIN ENTRY--PERSONAL NAME
9 (RLIN) 23632
Personal name कालिया,ममता
245 ## - TITLE STATEMENT
Title मेरे साक्षात्कार /
Statement of responsibility, etc ममता कालिया
260 ## - PUBLICATION, DISTRIBUTION, ETC. (IMPRINT)
Place of publication, distribution, etc नई दिल्ली
Name of publisher, distributor, etc किताबघर प्रकाशन
Date of publication, distribution, etc 2012
270 ## - ADDRESS
City नई दिल्ली
Address 4855-56, 24, अंसारी रोड़,दरिया गंज
Postal code 110002
300 1# - PHYSICAL DESCRIPTION
Extent 128पृ.
Dimensions 22सेमी (सजिल्द)
490 ## - SERIES STATEMENT
Series statement मेरे साक्षात्कार सीरीज़
-- 55305
650 ## - SUBJECT ADDED ENTRY--TOPICAL TERM
9 (RLIN) 657
650 ## - SUBJECT ADDED ENTRY--TOPICAL TERM
9 (RLIN) 34273
700 ## - ADDED ENTRY--PERSONAL NAME
9 (RLIN) 48690
710 ## - ADDED ENTRY--CORPORATE NAME
9 (RLIN) 34811
710 ## - ADDED ENTRY--CORPORATE NAME
9 (RLIN) 35049
942 ## - ADDED ENTRY ELEMENTS (KOHA)
Source of classification or shelving scheme Dewey Decimal Classification
Item type Hindi Books
Call number suffix कालिया
Classification part 070
Holdings
Withdrawn status Lost status Source of classification or shelving scheme Damaged status Not for loan Collection code Home library Current library Date acquired Source of acquisition Cost, normal purchase price Total Checkouts Full call number Barcode Date last seen Copy number Cost, replacement price Koha item type
    Dewey Decimal Classification     Non-fiction Central Library Central Library 04/03/2013 प्रकाशन संस्थान/410/11.01.13/7/18.12.12/15.01.13 200.00   070 कालिया B-490602 04/03/2013 1 200.00 Hindi Books
    Dewey Decimal Classification   Not For Loan Non-fiction D.B.Act.Division D.B.Act.Division 08/06/2012 DBAB/PUB 200.00   070 कालिया HN-68584 08/06/2012 1 200.00 Hindi Books

© Delhi Public Library
Hit Counter
free hit counter